The Inscrutable Americans (Record no. 11462)

000 -LEADER
fixed length control field 00335nam a2200145Ia 4500
008 - FIXED-LENGTH DATA ELEMENTS--GENERAL INFORMATION
fixed length control field 200103s9999||||xx |||||||||||||| ||und||
020 ## - INTERNATIONAL STANDARD BOOK NUMBER
International Standard Book Number 9788171670406
082 ## - DEWEY DECIMAL CLASSIFICATION NUMBER
Classification number Column-64
100 ## - MAIN ENTRY--PERSONAL NAME
Personal name mathur, Anurag
245 #4 - TITLE STATEMENT
Title The Inscrutable Americans
260 ## - PUBLICATION, DISTRIBUTION, ETC. (IMPRINT)
Name of publisher, distributor, etc Rupa Company
Date of publication, distribution, etc 2003
300 ## - PHYSICAL DESCRIPTION
Extent 247
942 ## - ADDED ENTRY ELEMENTS (KOHA)
Item type Books
Holdings
Withdrawn status Lost status Source of classification or shelving scheme Damaged status Not for loan Collection code Permanent location Current location Shelving location Date acquired Total Checkouts Total Renewals Full call number Barcode Date last seen Date last borrowed Koha item type Public note
          Fiction IMU-MPC Library IMU-MPC Library Fiction 2020-01-08 2 3 Column-64 MPCGEC476 2021-11-10 2021-06-28 Books Column-64
Copyright © 2021 Indian Maritime University, Mumbai Port Campus. All Rights Reserved. Managed & Maintained by Central Library, IMU-Mumbai

webs counters

Powered by Koha